000
00336nam a22001457a 4500
008
230427b ||||| |||| 00| 0 eng d
020
_a
9780684312446
041
_a
eng
080
_2
VOLUME 3
_a
030
082
_a
030CHI
100
_a
44
101
_a
ENCIKO
245
_a
ENCYCLOPEDIA OF MODERN ASIA
_c
CHRISTENSEN.K
942
_2
udc
_c
BK
999
_c
59627
_d
59627